BIBLIOTECA PODER JUDICIAL
Portal Judicial TDF

Cheques : (Registro nro. 1232)

000 -LEADER
fixed length control field 01255nam a2200253 4500
003 - CONTROL NUMBER IDENTIFIER
control field OSt
005 - DATE AND TIME OF LATEST TRANSACTION
control field 20180825082339.0
008 - FIXED-LENGTH DATA ELEMENTS--GENERAL INFORMATION
fixed length control field 180825b xxu||||| |||| 00| 0 spa d
020 ## - INTERNATIONAL STANDARD BOOK NUMBER
International Standard Book Number 9501409325
040 ## - CATALOGING SOURCE
Transcribing agency PJ
100 ## - ASIENTO PRINCIPAL - NOMBRE DE PERSONA
9 (RLIN) 1669
Personal name Gómez Leo, Osvaldo R.
245 10 - MENCIÓN DE TÍTULO
Título propiamente dicho Cheques :
Parte restante del título Comentario de las leyes 24.452 y 24.760 /
Mención de responsabilidad, etc Osvaldo R. Gómez Leo.
250 ## - EDITION STATEMENT
Edition statement 2a. ed.
260 ## - PUBLICATION, DISTRIBUTION, ETC. (IMPRINT)
Place of publication, distribution, etc Buenos Aires :
Name of publisher, distributor, etc Depalma,
Date of publication, distribution, etc 1997.
300 ## - DESCRIPCION FISICA
Extent xxx, 462 p.
Dimensions 23 cm.
Other physical details rústica
504 ## - NOTA DE BIBLIOGRAFÍA, ETC.
Bibliography, etc Bibliografía: p. 459-462.
505 ## - FORMATTED CONTENTS NOTE
Formatted contents note Contenido:<br/>Ley de cheques. -- De las clases de cheques. -- Del cheque común. -- De la transmisión. -- De la presentación y del pago. -- Del recurso por falta de pago. -- Del cheque cruzado. -- Del cheque para acreditar en cuenta. -- Del cheque imputado. -- Del cheque certificado. -- Del cheque con la cláusula "no negociable". -- Del aval. -- Del cheque de pago diferido. -- Disposiciones comunes. -- Disposiciones complementarias.
650 #0 - ASIENTO SECUNDARIO DE MATERIA - TERMINO TEMATICO
9 (RLIN) 1602
Topical term or geographic name as entry element DERECHO COMERCIAL
650 #0 - ASIENTO SECUNDARIO DE MATERIA - TERMINO TEMATICO
9 (RLIN) 1831
Topical term or geographic name as entry element TITULOS DE CRÉDITO
650 #0 - ASIENTO SECUNDARIO DE MATERIA - TERMINO TEMATICO
9 (RLIN) 1832
Topical term or geographic name as entry element CHEQUE
710 ## - ASIENTO SECUNDARIO - NOMBRE CORPORATIVO
9 (RLIN) 1833
Corporate name or jurisdiction name as entry element Argentina. Leyes, decretos, etc. Ley nº 24.452
710 ## - ASIENTO SECUNDARIO - NOMBRE CORPORATIVO
9 (RLIN) 1834
Corporate name or jurisdiction name as entry element Argentina. Leyes, decretos, etc. Ley nº 24.760
942 ## - ADDED ENTRY ELEMENTS (KOHA)
Source of classification or shelving scheme
Koha item type Libros
Classification part 347.748
Item part GOM
Existencias
Withdrawn status Lost status Source of classification or shelving scheme Damaged status Not for loan Permanent Location Current Location Date acquired Total Checkouts Full call number Barcode Date last seen Date checked out Price effective from Koha item type
          Biblioteca Poder Judicial Sur Biblioteca Poder Judicial Sur 2018-08-25 1 347.748 GOM 3224 2021-12-02 2021-07-14 2018-08-25 Libros

12 de Octubre 789 Ushuaia - Tel:  54(02901)441571
Horario de Atención: 8.00 a 17.00 hs. 
bibliotecaush@justierradelfuego.gov.ar
koha@justierradelfuego.gov.ar
Seguinos en nuestras redes @bibliojustdf 

Con tecnología Koha